000 00521cam a2200193 4500
008 090401t1999 xxu||||| |||| 00| 0 eng d
020 _a1873936648
035 _a(Sirsi) u99681
041 _aENG
110 _aEnglish Heritage
_92714
245 _aEnglish Heritage research transactions. Volume 3: earth.
260 _aLondon
_bJames & James
_c1999
350 _a30.00
650 _aHISTORIC BUILDINGS
690 _aCONSERVATION
700 _aTeutonico, Jeanne Marie
_xEditor
942 _n0
948 _c02/02/1999
999 _c99440
_d99440